Chemistry : (Record no. 132171)

MARC details
000 -LEADER
fixed length control field 00896cam a22002658a 4500
008 - FIXED-LENGTH DATA ELEMENTS--GENERAL INFORMATION
fixed length control field
020 ## - INTERNATIONAL STANDARD BOOK NUMBER
International Standard Book Number 013233250 (pbk.)
049 ## - LOCAL HOLDINGS (OCLC)
Holding library MAIN
090 00 - LOCALLY ASSIGNED LC-TYPE CALL NUMBER (OCLC); LOCAL CALL NUMBER (RLIN)
Classification number (OCLC) (R) ; Classification number, CALL (RLIN) (NR) QD453.2
Local cutter number (OCLC) ; Book number/undivided call number, CALL (RLIN) TRO
003 - CONTROL NUMBER IDENTIFIER
control field
005 - DATE AND TIME OF LATEST TRANSACTION
control field 20230123124909.0
040 ## - CATALOGING SOURCE
Transcribing agency NUST
100 1# - MAIN ENTRY--PERSONAL NAME
Personal name Tro, Nivaldo J.
245 10 - TITLE STATEMENT
Title Chemistry :
Remainder of title a molecular approach /
Statement of responsibility, etc. Nivaldo J. Tro.; with special contributions by Robert S. Boikess, Joseph H. Bularzik, William M. Cleaver.
250 ## - EDITION STATEMENT
Edition statement Pearson International Edition.
260 ## - PUBLICATION, DISTRIBUTION, ETC.
Place of publication, distribution, etc. Upper Saddle River, NJ :
Name of publisher, distributor, etc. Pearson/Prentice Hall,
Date of publication, distribution, etc. 2008.
300 ## - PHYSICAL DESCRIPTION
Extent xxvii, 1189 p. :
Other physical details col.ill. ;
Dimensions 28 cm.
500 ## - GENERAL NOTE
General note Includes index.
650 #0 - SUBJECT ADDED ENTRY--TOPICAL TERM
Topical term or geographic name entry element Chemistry, Physical and theoretical.
700 ## - ADDED ENTRY--PERSONAL NAME
Personal name Cleaver, William M.
700 ## - ADDED ENTRY--PERSONAL NAME
Personal name Bularzik, Joseph H.
700 ## - ADDED ENTRY--PERSONAL NAME
Personal name Boikess Robert S.
907 ## - LOCAL DATA ELEMENT G, LDG (RLIN)
a .b10255114
b 23-06-08
c 25-04-08
942 ## - ADDED ENTRY ELEMENTS (KOHA)
Koha item type Ordinary Loan Books
Call number prefix QD453.2
Call number suffix TRO
Holdings
Date last seen Total Checkouts Full call number Barcode Cost, replacement price Price effective from Koha item type Lost status Source of classification or shelving scheme Damaged status Not for loan Collection Withdrawn status Home library Current library Shelving location Date acquired Cost, normal purchase price
01/23/2023 11 QD453.2 TRO 92004008885 80.00 01/23/2023 BOOKS   LCC     NFIC   MAIN MAIN GEN 01/23/2023 80.00